[Event "Helsingor Xtracon op"]
[Site "Helsingor"]
[Date "2019.07.28"]
[Round "10"]
[White "Johansen, Paul Ivar"]
[Black "Thybo, Jan"]
[Result "0-1"]
[WhiteElo "1205"]
[BlackElo "1316"]
[PlyCount "88"]
[EventDate "2019.07.20"]
[EventType "swiss"]
[EventRounds "10"]
[EventCountry "DEN"]
[SourceTitle "CBM 191 Extra"]
[Source "ChessBase"]
[SourceDate "2019.09.30"]
[SourceVersion "1"]
[SourceVersionDate "2019.09.30"]
[SourceQuality "1"]

1. Nf3 Nf6 2. d4 d5 3. Bf4 e6 4. e3 Bd6 5. Bg3 Ne4 6. Bxd6 Qxd6 7. Bd3 Qb4+ 8. Nbd2 Nxd2 9. Nxd2 Qxb2 10. 0-0 Qb4 11. Re1 Bd7 12. Nb3 b6 13. e4 0-0 14. exd5 exd5 15. Qh5 g6 16. Qxd5 Bc6 17. Qe5 Re8 18. a3 Qc3 19. Qxe8+ Bxe8 20. Rxe8+ Kg7 21. Rc1 Qc6 22. Re2 Qd6 23. Be4 Nc6 24. Bxc6 Qxc6 25. c4 Re8 26. d5 Qd7 27. Rd2 Qa4 28. Nd4 Qxc4 29. Rdd1 Qxd5 30. Kf1 Qh5 31. Nf3 Qb5+ 32. Kg1 c5 33. g3 Qb3 34. Kg2 Qxa3 35. Ra1 Qb3 36. Rd7 a5 37. Rad1 Re7 38. Rd8 Re6 39. R1d7 Rf6 40. Rd3 Qb5 41. Re3 Re6 42. Ne5 a4 43. Ra8 Rxe5 44. Rxe5 Qc6+ 0-1

[Event "Helsingor Xtracon op"]
[Site "Helsingor"]
[Date "2019.07.23"]
[Round "5"]
[White "Rempe, Janne"]
[Black "Thybo, Jan"]
[Result "1/2-1/2"]
[WhiteElo "1594"]
[BlackElo "1316"]
[PlyCount "72"]
[EventDate "2019.07.20"]
[EventType "swiss"]
[EventRounds "10"]
[EventCountry "DEN"]
[SourceTitle "CBM 191 Extra"]
[Source "ChessBase"]
[SourceDate "2019.09.30"]
[SourceVersion "1"]
[SourceVersionDate "2019.09.30"]
[SourceQuality "1"]

1. d4 Nf6 2. Nf3 d6 3. Bf4 g6 4. e3 Bg7 5. h3 0-0 6. c3 Nbd7 7. Nbd2 c5 8. Be2 a6 9. 0-0 b5 10. b3 Bb7 11. Rc1 Ne4 12. Bd3 Ndf6 13. Nxe4 Nxe4 14. Ng5 Nxg5 15. Bxg5 f6 16. Bf4 e5 17. Bg3 f5 18. f3 f4 19. exf4 exf4 20. Bf2 Qg5 21. dxc5 dxc5 22. Be4 Bxe4 23. fxe4 f3 24. Qd5+ Qxd5 25. exd5 fxg2 26. Kxg2 c4 27. bxc4 bxc4 28. Rfd1 Rad8 29. d6 Rd7 30. Bd4 Rfd8 31. Bb6 Rb8 32. Be3 Rb2+ 33. Rd2 Rxd2+ 34. Bxd2 Rxd6 35. Rc2 Kf7 36. Bf4 Rc6 1/2-1/2

[Event "Helsingor Xtracon op"]
[Site "Helsingor"]
[Date "2019.07.22"]
[Round "4"]
[White "Thybo, Jan"]
[Black "Madsen, Svend"]
[Result "0-1"]
[WhiteElo "1316"]
[BlackElo "1655"]
[PlyCount "88"]
[EventDate "2019.07.20"]
[EventType "swiss"]
[EventRounds "10"]
[EventCountry "DEN"]
[SourceTitle "CBM 191 Extra"]
[Source "ChessBase"]
[SourceDate "2019.09.30"]
[SourceVersion "1"]
[SourceVersionDate "2019.09.30"]
[SourceQuality "1"]

1. e4 c5 2. Nc3 a6 3. g3 Nc6 4. Bg2 g6 5. d3 Bg7 6. Nge2 e6 7. 0-0 Nge7 8. a3 0-0 9. Rb1 d6 10. b4 cxb4 11. axb4 b5 12. Bd2 Bb7 13. Nf4 e5 14. Nfd5 Nxd5 15. Nxd5 Ne7 16. Nxe7+ Qxe7 17. Qc1 Qd7 18. c3 Rfc8 19. Qe1 d5 20. f4 exf4 21. Rxf4 dxe4 22. Bxe4 Bxe4 23. Qxe4 Re8 24. Qg2 Rad8 25. d4 Re7 26. Re1 Rxe1+ 27. Bxe1 Re8 28. Bd2 Bh6 29. Rf2 Bxd2 30. Rxd2 Qe6 31. Qf2 Qe4 32. Rd1 f5 33. Rf1 Kg7 34. d5 Qxd5 35. Qd4+ Qxd4+ 36. cxd4 Re4 37. Rd1 Kf7 38. Kf2 Ke7 39. Kf3 Kd6 40. h3 Kd5 41. g4 fxg4+ 42. hxg4 Rxd4 43. Rxd4+ Kxd4 44. Kf4 h6 0-1

[Event "Helsingor Xtracon op"]
[Site "Helsingor"]
[Date "2019.07.21"]
[Round "3"]
[White "Bohlin, Jan"]
[Black "Thybo, Jan"]
[Result "1-0"]
[WhiteElo "1724"]
[BlackElo "1316"]
[PlyCount "41"]
[EventDate "2019.07.20"]
[EventType "swiss"]
[EventRounds "10"]
[EventCountry "DEN"]
[SourceTitle "CBM 191 Extra"]
[Source "ChessBase"]
[SourceDate "2019.09.30"]
[SourceVersion "1"]
[SourceVersionDate "2019.09.30"]
[SourceQuality "1"]

1. d4 Nf6 2. c4 d6 3. Nc3 g6 4. e4 Bg7 5. f3 0-0 6. Bg5 h6 7. Be3 e5 8. d5 Na6 9. Qd2 Kh7 10. Bd3 Nc5 11. Bc2 a6 12. Nge2 c6 13. b4 Ncd7 14. dxc6 bxc6 15. Qxd6 Bb7 16. 0-0 Re8 17. c5 Bf8 18. Qd2 a5 19. a3 axb4 20. axb4 Qe7 21. Rfd1 1-0

[Event "Helsingor Xtracon op"]
[Site "Helsingor"]
[Date "2018.07.28"]
[Round "9"]
[White "Rasmussen, Ole H"]
[Black "Thybo, Jan"]
[Result "1-0"]
[WhiteElo "1577"]
[BlackElo "1272"]
[PlyCount "67"]
[EventDate "2018.07.21"]
[EventType "swiss"]
[EventRounds "10"]
[EventCountry "DEN"]
[SourceTitle "CBM 185 Extra"]
[Source "ChessBase"]
[SourceDate "2018.07.29"]
[SourceVersion "1"]
[SourceVersionDate "2018.07.29"]
[SourceQuality "1"]

1. e4 e5 2. Nf3 Nc6 3. Bb5 a6 4. Ba4 Nf6 5. 0-0 b5 6. Bb3 Be7 7. Re1 d6 8. h3 0-0 9. c3 Be6 10. d4 Bxb3 11. axb3 exd4 12. cxd4 Nd7 13. Nc3 Nb6 14. Be3 d5 15. e5 Re8 16. Qc1 Nb4 17. Qd2 a5 18. Nxb5 Nc6 19. Rac1 Bb4 20. Qc2 Bxe1 21. Qxc6 Bxf2+ 22. Kxf2 Re7 23. Bg5 f6 24. exf6 Rf7 25. Ne5 gxf6 26. Nxf7 Kxf7 27. Bf4 Rc8 28. Re1 Nd7 29. Qxd5+ Kg7 30. Qe4 Ne5 31. Bxe5 fxe5 32. Qxe5+ Kf8 33. Qh8+ Kf7 34. Qxh7+ 1-0

[Event "Helsingor Xtracon op"]
[Site "Helsingor"]
[Date "2017.07.28"]
[Round "8"]
[White "Jacobsen, Harald Kittel Lytom"]
[Black "Thybo, Jan"]
[Result "0-1"]
[WhiteElo "1242"]
[BlackElo "1330"]
[PlyCount "66"]
[EventDate "2017.07.22"]
[EventType "swiss"]
[EventRounds "10"]
[EventCountry "DEN"]
[SourceTitle "CBM 179 Extra"]
[Source "ChessBase"]
[SourceDate "2017.08.23"]
[SourceVersion "1"]
[SourceVersionDate "2017.08.23"]
[SourceQuality "1"]

1. e4 e5 2. Nf3 Nc6 3. Bc4 Be7 4. Nc3 Nf6 5. d3 0-0 6. Bg5 d6 7. 0-0 a6 8. Nh4 Be6 9. Bxe6 fxe6 10. f4 Ne8 11. Bxe7 Nxe7 12. Qg4 Rxf4 13. Rxf4 exf4 14. Qxf4 Ng6 15. Nxg6 hxg6 16. Rf1 Nf6 17. e5 dxe5 18. Qxe5 Qe7 19. d4 Rf8 20. h3 c6 21. Qg5 Qd6 22. Ne2 Ne4 23. Rxf8+ Qxf8 24. Qxg6 Qf2+ 25. Kh2 Qxe2 26. Qe8+ Kh7 27. Qxe6 Qxc2 28. Qf5+ Kh6 29. Qf4+ Kg6 30. Qg4+ Kf7 31. Qf5+ Ke7 32. Qe5+ Kd8 33. Qb8+ Kd7 0-1

[Event "Helsingor Xtracon op"]
[Site "Helsingor"]
[Date "2017.07.23"]
[Round "2"]
[White "Thybo, Jan"]
[Black "Nielsen, Jorgen Kamp"]
[Result "0-1"]
[WhiteElo "1330"]
[BlackElo "1751"]
[PlyCount "54"]
[EventDate "2017.07.22"]
[EventType "swiss"]
[EventRounds "10"]
[EventCountry "DEN"]
[SourceTitle "CBM 179 Extra"]
[Source "ChessBase"]
[SourceDate "2017.08.23"]
[SourceVersion "1"]
[SourceVersionDate "2017.08.23"]
[SourceQuality "1"]

1. e4 e5 2. f4 exf4 3. Nf3 d5 4. exd5 Qxd5 5. Nc3 Qd8 6. Bc4 Bd6 7. d4 Ne7 8. 0-0 0-0 9. Ne5 Bxe5 10. dxe5 Qxd1 11. Rxd1 g5 12. Ne4 h6 13. b4 Nbc6 14. Nf6+ Kg7 15. Nd7 Rd8 16. e6 Bxd7 17. exd7 Nf5 18. Bb2+ f6 19. Be6 Ne3 20. a3 Nxd1 21. Rxd1 Ne5 22. c4 Kf8 23. c5 Ke7 24. Bf5 Nxd7 25. Re1+ Ne5 26. Bxe5 fxe5 27. Rxe5+ Kf6 0-1

[Event "Helsingor Xtracon op"]
[Site "Helsingor"]
[Date "2016.07.25"]
[Round "4"]
[White "Ornebjerg, Henrik"]
[Black "Thybo, Jan"]
[Result "1-0"]
[WhiteElo "1687"]
[BlackElo "1382"]
[PlyCount "55"]
[EventDate "2016.07.23"]
[EventType "swiss"]
[EventRounds "10"]
[EventCountry "DEN"]
[SourceTitle "CBM 173 Extra"]
[Source "ChessBase"]
[SourceDate "2016.08.29"]
[SourceVersion "1"]
[SourceVersionDate "2016.08.29"]
[SourceQuality "1"]

1. e4 e5 2. Nf3 Nc6 3. Bb5 a6 4. Ba4 b5 5. Bb3 Nf6 6. d3 Be7 7. c3 0-0 8. 0-0 Bb7 9. Re1 Bc5 10. Bg5 h6 11. Bh4 Be7 12. Nbd2 Nh7 13. Bg3 Ng5 14. Nxe5 Nxe5 15. Bxe5 Bf6 16. Bg3 c5 17. f4 Ne6 18. Qg4 Qb6 19. Rad1 c4+ 20. Bf2 Qd6 21. e5 Bxe5 22. fxe5 Qxd3 23. Nxc4 Qh7 24. Nd6 Bc6 25. Bh4 h5 26. Qg3 Kh8 27. Be7 Rg8 28. Nxf7# 1-0

[Event "Politiken Cup 37th"]
[Site "Helsingor"]
[Date "2015.07.28"]
[Round "5"]
[White "Thybo, Jan"]
[Black "Shehzad, Kasher"]
[Result "0-1"]
[WhiteElo "1352"]
[BlackElo "1563"]
[PlyCount "126"]
[EventDate "2015.07.25"]
[EventType "swiss"]
[EventRounds "10"]
[EventCountry "DEN"]
[SourceTitle "CBM 167 Extra"]
[Source "ChessBase"]
[SourceDate "2015.09.14"]
[SourceVersion "1"]
[SourceVersionDate "2015.09.14"]
[SourceQuality "1"]

1. e4 c5 2. Nc3 e6 3. g3 Nc6 4. Bg2 Nge7 5. Nge2 d5 6. exd5 exd5 7. d3 d4 8. Ne4 b6 9. 0-0 f5 10. Ng5 h6 11. Nh3 g5 12. f4 g4 13. Nf2 Bg7 14. c4 0-0 15. a3 Rb8 16. Qa4 Bd7 17. Qc2 Qe8 18. Re1 Na5 19. b4 Ba4 20. Qb2 Nb3 21. Rb1 Nc6 22. b5 Nca5 23. Bd2 Nxd2 24. Qxd2 Qe3 25. Qa2 Rfe8 26. Kf1 Bb3 27. Rxb3 Nxb3 28. Qxb3 Qd2 29. Qd1 Qb2 30. Qa1 Rxe2 31. Qxb2 Rxb2 32. Bd5+ Kf8 33. h3 gxh3 34. Nxh3 Re8 35. Rxe8+ Kxe8 36. Be6 Ra2 37. Bxf5 Rxa3 38. Nf2 a5 39. bxa6 Rxa6 40. Ne4 Ra2 41. Nd6+ Kd8 42. Nb5 Ke7 43. Be4 Bf6 44. Nc7 Kd7 45. Nd5 Bd8 46. Bf5+ Kd6 47. Be4 Rb2 48. g4 b5 49. cxb5 Rxb5 50. f5 Ke5 51. f6 Bxf6 52. Nxf6 Kxf6 53. Kf2 Ke5 54. Kf3 Rb3 55. Bf5 c4 56. Ke2 c3 57. Kd1 Rb2 58. Bh7 Rg2 59. Bf5 h5 60. Be4 Rxg4 61. Bf3 Rg5 62. Kc2 h4 63. Bh1 h3 0-1

[Event "Wiesbaden op 26th"]
[Site "Wiesbaden"]
[Date "2014.08.30"]
[Round "4"]
[White "Rump, Andreas"]
[Black "Thybo, Jan"]
[Result "1-0"]
[WhiteElo "1939"]
[BlackElo "1347"]
[PlyCount "63"]
[EventDate "2014.08.28"]
[EventType "swiss"]
[EventRounds "7"]
[EventCountry "GER"]
[SourceTitle "CBM 162 Extra"]
[Source "ChessBase"]
[SourceDate "2014.10.17"]
[SourceVersion "1"]
[SourceVersionDate "2014.10.17"]
[SourceQuality "1"]

1. e4 d6 2. d4 g6 3. Nc3 Bg7 4. Nf3 Nc6 5. Be3 Nf6 6. Bc4 0-0 7. a3 e5 8. d5 Ne7 9. h3 a6 10. Qd2 Nh5 11. g4 Nf4 12. Bxf4 exf4 13. Qxf4 h6 14. 0-0 f5 15. gxf5 gxf5 16. e5 Ng6 17. Qg3 f4 18. Qxg6 Bxh3 19. Rfe1 Kh8 20. Bd3 Bf5 21. Bxf5 Rxf5 22. Qxf5 Qg8 23. Kf1 Rf8 24. Qh5 Qh7 25. Re2 Rf5 26. Qe8+ Rf8 27. Qd7 dxe5 28. Nxe5 f3 29. Nf7+ Kg8 30. Re8 Qxc2 31. Nxh6+ Bxh6 32. Qe6+ 1-0

[Event "Wiesbaden op 26th"]
[Site "Wiesbaden"]
[Date "2014.08.29"]
[Round "2"]
[White "Suller, Lorant"]
[Black "Thybo, Jan"]
[Result "1-0"]
[WhiteElo "1775"]
[BlackElo "1347"]
[PlyCount "119"]
[EventDate "2014.08.28"]
[EventType "swiss"]
[EventRounds "7"]
[EventCountry "GER"]
[SourceTitle "CBM 162 Extra"]
[Source "ChessBase"]
[SourceDate "2014.10.17"]
[SourceVersion "1"]
[SourceVersionDate "2014.10.17"]
[SourceQuality "1"]

1. e4 d6 2. d4 g6 3. Be3 Bg7 4. Nc3 Nc6 5. Nf3 Nf6 6. h3 0-0 7. Be2 e5 8. d5 Ne7 9. 0-0 Nh5 10. Qd2 f5 11. exf5 Nxf5 12. Bg5 Bf6 13. Ne4 Nhg7 14. Nxf6+ Rxf6 15. Bxf6 Qxf6 16. Qg5 Qf7 17. Qd8+ Qf8 18. Qxc7 Nd4 19. Nxd4 exd4 20. Rad1 Ne8 21. Qd8 b6 22. Rxd4 Bb7 23. Qd7 Bc8 24. Qd8 Bb7 25. Qg5 Qg7 26. c3 Nf6 27. Bf3 Re8 28. Rf4 Rf8 29. Re1 h6 30. Qg3 g5 31. Rd4 Bc8 32. Qxd6 g4 33. Bxg4 Nxg4 34. hxg4 Bxg4 35. Rxg4 Qxg4 36. Qe6+ Qxe6 37. dxe6 Re8 38. f4 Kg7 39. f5 Kf6 40. Rf1 h5 41. Kh2 Rg8 42. Rf4 Kg5 43. Rf3 Kf6 44. g3 Rd8 45. Rf2 a5 46. a4 Rd5 47. Kg2 Rd8 48. Kh3 Rg8 49. Rf4 Rd8 50. b4 Rd3 51. bxa5 bxa5 52. c4 Rb3 53. c5 Rc3 54. Kh4 Rxc5 55. Kxh5 Rc8 56. Kg4 Rg8+ 57. Kf3 Rb8 58. g4 Rb4 59. Rxb4 axb4 60. Ke3 1-0

[Event "Politiken Cup 36th"]
[Site "Helsingor"]
[Date "2014.07.28"]
[Round "9"]
[White "Thybo, Jan"]
[Black "Merkesvik, Amalie Isabel"]
[Result "0-1"]
[WhiteElo "1347"]
[BlackElo "1497"]
[PlyCount "50"]
[EventDate "2014.07.21"]
[EventType "swiss"]
[EventRounds "10"]
[EventCountry "DEN"]
[SourceTitle "CBM 161 Extra"]
[Source "ChessBase"]
[SourceDate "2014.08.29"]
[SourceVersion "1"]
[SourceVersionDate "2014.08.29"]
[SourceQuality "1"]

1. e4 e5 2. Nf3 Nc6 3. Bc4 Bc5 4. 0-0 Nf6 5. d4 exd4 6. e5 d5 7. exf6 dxc4 8. fxg7 Rg8 9. Re1+ Be6 10. Bh6 Qf6 11. Bg5 Qxg7 12. g3 h6 13. Bf4 0-0-0 14. Nbd2 Bd5 15. Ne4 Bb4 16. Re2 Rde8 17. a3 Ba5 18. b4 cxb3 19. Qd3 Bxe4 20. Rxe4 Rxe4 21. Qxe4 d3 22. Be5 Nxe5 23. Qf5+ Kb8 24. Qxe5 Qxe5 25. Nxe5 Bc3 0-1

[Event "Politiken Cup 36th"]
[Site "Helsingor"]
[Date "2014.07.23"]
[Round "4"]
[White "Nilssen, Ellen Fredericia"]
[Black "Thybo, Jan"]
[Result "1-0"]
[WhiteElo "1646"]
[BlackElo "1347"]
[PlyCount "79"]
[EventDate "2014.07.21"]
[EventType "swiss"]
[EventRounds "10"]
[EventCountry "DEN"]
[SourceTitle "CBM 161 Extra"]
[Source "ChessBase"]
[SourceDate "2014.08.29"]
[SourceVersion "1"]
[SourceVersionDate "2014.08.29"]
[SourceQuality "1"]

1. Nf3 Nf6 2. b3 g6 3. Bb2 Bg7 4. e3 d6 5. Be2 0-0 6. 0-0 Nbd7 7. c4 e5 8. d3 Nc5 9. d4 exd4 10. Nxd4 Nfe4 11. Nd2 Nxd2 12. Qxd2 Ne4 13. Qc2 Bf5 14. Nxf5 Bxb2 15. Nh6+ Kg7 16. Qxb2+ Kxh6 17. f4 Qf6 18. Qc2 Rae8 19. Rae1 Qc3 20. Bd3 Qxc2 21. Bxc2 f5 22. a3 a5 23. b4 axb4 24. axb4 Nd2 25. Rf2 Nxc4 26. Rfe2 d5 27. Kf2 c6 28. h3 Nd6 29. g4 Ne4+ 30. Kf3 b6 31. Ba4 b5 32. Bb3 Ra8 33. Rc1 Rfc8 34. Rec2 Ra6 35. Bxd5 fxg4+ 36. hxg4 Nd2+ 37. Rxd2 cxd5 38. Rxc8 Ra4 39. Rc7 Rxb4 40. Rh2# 1-0

[Event "Politiken Cup 36th"]
[Site "Helsingor"]
[Date "2014.07.22"]
[Round "3"]
[White "Thybo, Jan"]
[Black "Hansen, Anders1111"]
[Result "0-1"]
[WhiteElo "1347"]
[BlackElo "1735"]
[PlyCount "70"]
[EventDate "2014.07.21"]
[EventType "swiss"]
[EventRounds "10"]
[EventCountry "DEN"]
[SourceTitle "CBM 161 Extra"]
[Source "ChessBase"]
[SourceDate "2014.08.29"]
[SourceVersion "1"]
[SourceVersionDate "2014.08.29"]
[SourceQuality "1"]

1. e4 c5 2. Nc3 Nc6 3. g3 e6 4. Bg2 Qc7 5. d3 a6 6. a3 Nf6 7. Nge2 b5 8. 0-0 Bb7 9. Nf4 Bd6 10. Nh5 0-0-0 11. Nxf6 gxf6 12. Ne2 h5 13. f4 Rdg8 14. Qe1 Rg7 15. Rf3 Rhg8 16. Qf2 h4 17. Be3 Nd8 18. gxh4 Rxg2+ 19. Qxg2 Rxg2+ 20. Kxg2 f5 21. Nc3 fxe4 22. Nxe4 f5 23. Nxd6+ Qxd6 24. Raf1 e5 25. Kg3 Bxf3 26. fxe5 Qxe5+ 27. Bf4 Qxb2 28. Rxf3 Qg7+ 29. Bg5 Qg6 30. c4 Ne6 31. cxb5 axb5 32. Rf1 Kc7 33. Kh3 Nxg5+ 34. hxg5 Qxg5 35. Rf3 Qg4# 0-1

[Event "Politiken Cup 36th"]
[Site "Helsingor"]
[Date "2014.07.21"]
[Round "1"]
[White "Thybo, Jan"]
[Black "Jacobsen, Mikkel Manosri"]
[Result "0-1"]
[WhiteElo "1347"]
[BlackElo "2030"]
[PlyCount "54"]
[EventDate "2014.07.21"]
[EventType "swiss"]
[EventRounds "10"]
[EventCountry "DEN"]
[SourceTitle "CBM 161 Extra"]
[Source "ChessBase"]
[SourceDate "2014.08.29"]
[SourceVersion "1"]
[SourceVersionDate "2014.08.29"]
[SourceQuality "1"]

1. e4 c6 2. d4 d5 3. e5 Bf5 4. Nf3 e6 5. c4 Nd7 6. g3 Ne7 7. Nh4 Be4 8. f3 Bxb1 9. Rxb1 dxc4 10. Bg2 Nd5 11. f4 Bb4+ 12. Bd2 Ne3 13. Qe2 Nc2+ 14. Kd1 Nxd4 15. Qxc4 Bxd2 16. Qxd4 Bxf4 17. Nf3 Nxe5 18. gxf4 Nxf3 19. Qxd8+ Rxd8+ 20. Kc1 Nh4 21. Be4 Rd4 22. Re1 f5 23. Bc2 Kf7 24. Bb3 Re8 25. Kc2 Nf3 26. Re2 Rxf4 27. Rd1 Nd4+ 0-1

[Event "DEN-ch G7-B"]
[Site "Skorping"]
[Date "2014.04.17"]
[Round "3"]
[White "Asmund, Erik"]
[Black "Thybo, Jan"]
[Result "0-1"]
[WhiteElo "1425"]
[BlackElo "1238"]
[PlyCount "76"]
[EventDate "2014.04.15"]
[EventType "swiss"]
[EventRounds "7"]
[EventCountry "DEN"]
[SourceTitle "EXT 2023"]
[Source "ChessBase"]
[SourceDate "2022.10.05"]
[SourceVersion "1"]
[SourceVersionDate "2022.10.05"]
[SourceQuality "1"]

1. e4 d6 2. d4 g6 3. c3 Bg7 4. Be3 Nd7 5. Nd2 e5 6. Ngf3 Ne7 7. Bc4 0-0 8. h3 Nb6 9. Bb3 Be6 10. 0-0 Kh8 11. Nh2 Qd7 12. Bxe6 Qxe6 13. d5 Qd7 14. Qe2 f5 15. Bxb6 axb6 16. c4 f4 17. b3 g5 18. Qg4 Qxg4 19. Nxg4 h5 20. Nh2 Rg8 21. a4 Bf6 22. g4 fxg3 23. fxg3 Raf8 24. a5 bxa5 25. Rxa5 h4 26. Ng4 Bg7 27. Raa1 Ng6 28. Nf3 hxg3 29. Nxg5 Nf4 30. Ne6 Rf7 31. Nxf4 exf4 32. Rad1 f3 33. Rd3 Rgf8 34. Ne3 f2+ 35. Kg2 Rf3 36. Rfd1 Be5 37. Nf5 f1Q+ 38. Rxf1 Rxd3 0-1

[Event "DEN-ch G7-B"]
[Site "Skorping"]
[Date "2014.04.16"]
[Round "2"]
[White "Thybo, Jan"]
[Black "Ehlers, Kjeld"]
[Result "0-1"]
[WhiteElo "1238"]
[BlackElo "1537"]
[PlyCount "52"]
[EventDate "2014.04.15"]
[EventType "swiss"]
[EventRounds "7"]
[EventCountry "DEN"]
[SourceTitle "EXT 2023"]
[Source "ChessBase"]
[SourceDate "2022.10.05"]
[SourceVersion "1"]
[SourceVersionDate "2022.10.05"]
[SourceQuality "1"]

1. e4 c5 2. Nc3 d6 3. g3 Nf6 4. Bg2 e6 5. d3 Be7 6. Nge2 0-0 7. 0-0 a6 8. f3 Qc7 9. Nf4 b5 10. Nce2 Bb7 11. d4 cxd4 12. Nd3 e5 13. Bg5 Nbd7 14. Nb4 a5 15. Nd5 Nxd5 16. Bxe7 Nxe7 17. f4 Nc5 18. fxe5 dxe5 19. c3 dxc3 20. Nxc3 Qb6 21. Rf2 Rad8 22. Qf1 Ba6 23. Nd5 Nxd5 24. exd5 b4 25. Re2 Bxe2 26. Qxe2 Nb3+ 0-1

[Event "Politiken Cup 35th"]
[Site "Helsingor"]
[Date "2013.07.31"]
[Round "6"]
[White "Suntharalingam, Jarani"]
[Black "Thybo, Jan"]
[Result "1-0"]
[WhiteElo "1644"]
[BlackElo "1303"]
[PlyCount "71"]
[EventDate "2013.07.27"]
[EventType "swiss"]
[EventRounds "10"]
[EventCountry "DEN"]
[SourceTitle "CBM 155 Extra"]
[Source "ChessBase"]
[SourceDate "2013.08.26"]
[SourceVersion "1"]
[SourceVersionDate "2013.08.26"]
[SourceQuality "1"]

1. e4 d6 2. d4 g6 3. Nf3 Bg7 4. Nc3 Nf6 5. h3 0-0 6. Be3 Nc6 7. Qd2 e5 8. d5 Ne7 9. Bh6 Nh5 10. g3 f5 11. exf5 Nxf5 12. Bxg7 Nfxg7 13. Be2 Bd7 14. Ne4 Qc8 15. Nfg5 c6 16. Nxd6 Qc7 17. dxc6 Bxc6 18. Bc4+ Kh8 19. Ngf7+ Kg8 20. Nxe5+ Rf7 21. Bxf7+ Kf8 22. Qb4 Qe7 23. f4 Rd8 24. 0-0-0 Bxh1 25. Rxh1 Rxd6 26. Qc3 Nf6 27. Re1 Ne6 28. Qc8+ Kg7 29. g4 Rd8 30. Qxe6 Qxe6 31. Bxe6 Nd5 32. Rd1 Kf6 33. Bxd5 h5 34. gxh5 gxh5 35. Bxb7 Rb8 36. Nd7+ 1-0

[Event "Politiken Cup 35th"]
[Site "Helsingor"]
[Date "2013.07.30"]
[Round "5"]
[White "Thybo, Jan"]
[Black "Bayhan, Erkan"]
[Result "0-1"]
[WhiteElo "1303"]
[BlackElo "1753"]
[PlyCount "74"]
[EventDate "2013.07.27"]
[EventType "swiss"]
[EventRounds "10"]
[EventCountry "DEN"]
[SourceTitle "CBM 155 Extra"]
[Source "ChessBase"]
[SourceDate "2013.08.26"]
[SourceVersion "1"]
[SourceVersionDate "2013.08.26"]
[SourceQuality "1"]

1. e4 e5 2. Nf3 Nf6 3. Nxe5 d6 4. Nf3 Nxe4 5. Qe2 Qe7 6. Nc3 Nf6 7. Qxe7+ Bxe7 8. Bc4 c6 9. d4 Bf5 10. Bb3 d5 11. 0-0 0-0 12. Re1 Bb4 13. Bg5 Nbd7 14. Ne5 Rfe8 15. a3 Ba5 16. Re3 Bxc3 17. bxc3 Nxe5 18. dxe5 Ng4 19. Re2 Rxe5 20. Rxe5 Nxe5 21. Re1 Ng6 22. Re2 h6 23. Be3 Re8 24. Kf1 a6 25. c4 dxc4 26. Bxc4 Rd8 27. c3 b5 28. Bxf7+ Kxf7 29. Ke1 Nh4 30. f4 Bg4 31. Rb2 Nf5 32. Bd2 Re8+ 33. Kf1 Ne3+ 34. Bxe3 Rxe3 35. h3 Be6 36. Kf2 Rxc3 37. a4 Ra3 0-1

[Event "Politiken Cup 35th"]
[Site "Helsingor"]
[Date "2013.07.29"]
[Round "4"]
[White "Undheim, Bjarne"]
[Black "Thybo, Jan"]
[Result "1-0"]
[WhiteElo "1838"]
[BlackElo "1303"]
[PlyCount "41"]
[EventDate "2013.07.27"]
[EventType "swiss"]
[EventRounds "10"]
[EventCountry "DEN"]
[SourceTitle "CBM 155 Extra"]
[Source "ChessBase"]
[SourceDate "2013.08.26"]
[SourceVersion "1"]
[SourceVersionDate "2013.08.26"]
[SourceQuality "1"]

1. e4 d6 2. d4 g6 3. Nf3 Bg7 4. Be3 Nf6 5. Nc3 0-0 6. Qd2 Ng4 7. Bg5 f6 8. Bc4+ Kh8 9. Bh4 g5 10. Bg3 Nc6 11. h4 Bh6 12. hxg5 fxg5 13. 0-0-0 Nxf2 14. Bxf2 Rf6 15. Be3 Qf8 16. Bxg5 Bxg5 17. Nxg5 h6 18. Nf7+ Rxf7 19. Bxf7 Qxf7 20. Qxh6+ Kg8 21. Qh8# 1-0

[Event "Politiken Cup 35th"]
[Site "Helsingor"]
[Date "2013.07.28"]
[Round "2"]
[White "Frederiksen Kristian, Pade"]
[Black "Thybo, Jan"]
[Result "1-0"]
[WhiteElo "1823"]
[BlackElo "1303"]
[PlyCount "37"]
[EventDate "2013.07.27"]
[EventType "swiss"]
[EventRounds "10"]
[EventCountry "DEN"]
[SourceTitle "CBM 155 Extra"]
[Source "ChessBase"]
[SourceDate "2013.08.26"]
[SourceVersion "1"]
[SourceVersionDate "2013.08.26"]
[SourceQuality "1"]

1. d4 Nf6 2. c4 g6 3. Nc3 Bg7 4. e4 d6 5. f4 c5 6. d5 0-0 7. Nf3 Qa5 8. Bd2 Nbd7 9. Bd3 e5 10. dxe6 fxe6 11. Nb5 Qb6 12. Qa4 a6 13. Qa3 e5 14. 0-0 Nh5 15. fxe5 Nxe5 16. Nxe5 Rxf1+ 17. Rxf1 dxe5 18. Be3 Bf8 19. Rxf8+ 1-0

[Event "Politiken Cup 35th"]
[Site "Helsingor"]
[Date "2013.07.27"]
[Round "1"]
[White "Thybo, Jan"]
[Black "Jensen, Tobias Ilsoe"]
[Result "0-1"]
[WhiteElo "1303"]
[BlackElo "1954"]
[PlyCount "44"]
[EventDate "2013.07.27"]
[EventType "swiss"]
[EventRounds "10"]
[EventCountry "DEN"]
[SourceTitle "CBM 155 Extra"]
[Source "ChessBase"]
[SourceDate "2013.08.26"]
[SourceVersion "1"]
[SourceVersionDate "2013.08.26"]
[SourceQuality "1"]

1. e4 c5 2. g3 d6 3. d3 e6 4. Bg2 Nc6 5. Nc3 g6 6. Nge2 Bg7 7. 0-0 Nge7 8. Bg5 h6 9. Bd2 0-0 10. f4 Rb8 11. a4 a6 12. g4 f5 13. Ng3 fxg4 14. Qxg4 d5 15. e5 b5 16. Nce2 bxa4 17. c4 dxc4 18. Bxc6 Nxc6 19. dxc4 Qxd2 20. Qxg6 Nd4 21. Nh5 Nxe2+ 22. Kg2 Nxf4+ 0-1

[Event "Politiken Cup 33rd"]
[Site "Helsingor"]
[Date "2011.08.07"]
[Round "10"]
[White "Thybo, Jan"]
[Black "Haukenes, Alise"]
[Result "0-1"]
[WhiteElo "1042"]
[BlackElo "1595"]
[PlyCount "90"]
[EventDate "2011.07.30"]
[EventType "swiss"]
[EventRounds "10"]
[EventCountry "DEN"]
[SourceTitle "CBM 143 Extra"]
[Source "ChessBase"]
[SourceDate "2011.08.29"]
[SourceVersion "1"]
[SourceVersionDate "2011.08.29"]
[SourceQuality "1"]

1. e4 c5 2. Nf3 Nc6 3. d4 cxd4 4. Nxd4 g6 5. Nc3 Bg7 6. Nxc6 bxc6 7. Bc4 Bb7 8. 0-0 d6 9. Bg5 Nf6 10. f4 0-0 11. Qf3 c5 12. Nd5 Nxd5 13. Bxd5 Bxd5 14. exd5 Bxb2 15. Rae1 Bd4+ 16. Kh1 Re8 17. c3 Bg7 18. Qe3 Bf8 19. f5 f6 20. fxg6 hxg6 21. Bh6 g5 22. Bxg5 fxg5 23. Qxg5+ Bg7 24. Re6 Rf8 25. Kg1 Rxf1+ 26. Kxf1 Qf8+ 27. Kg1 Rb8 28. h3 Rb1+ 29. Kh2 Rf1 30. Rxe7 Qf4+ 31. Qxf4 Rxf4 32. Rxa7 Bxc3 33. Rd7 Be5 34. g3 Ra4 35. Kg2 Rxa2+ 36. Kf3 Ra3+ 37. Kg4 Rxg3+ 38. Kh4 Rg7 39. Rd8+ Kh7 40. Rf8 c4 41. Rf5 c3 42. Rf1 c2 43. Kh5 Rc7 44. h4 c1Q 45. Rxc1 Rxc1 0-1